000 01062nam a2200229 4500
001 127839
003 ES-MaACL
005 20251005063112.0
007 t|
008 070214s1921 sp r ||||1| spa d
100 1 _aRío Hortega, Pío del,
_d1882-1945
_997326
245 1 0 _aSobre la fagocitosis en los tumores y otros procesos patológicos /
_cPío del Río Hortega, F. Jiménez de Asúa.
260 _aMadrid :
_bJunta para Ampliación de Estudios e Investigaciones Científicas,
_c1921.
300 _a79 p. :
_bil. ;
_c24 cm.
490 1 _aTrabajos del Laboratorio de Histopatología de la Junta para Ampliación de Estudios ;
_v15
500 _aSeparata de `Archivos de Cardiología y Hematología`, vol. II, 5 de mayo de 1921.
700 0 _aJiménez de Asúa, Felipe.
_966490
710 2 _aJunta para la Ampliación de Estudios e Investigaciones Científicas.
_95413
830 0 0 _aTrabajos del Laboratorio de Histopatología de la Junta para Ampliación de Estudios
_v15
_9184307
852 _aES-MaACL
_j1611-F-17
999 _c127839
_d127839